[Event "Senior-DM 65+ 2023"]
[Site "Aalborg"]
[Date "2023.02.24"]
[Round "6"]
[White "Nielsen, Bent K"]
[Black "Fjordside, Arne Dan"]
[Result "0-1"]
[WhiteElo "1304"]
[BlackElo "1829"]
[PlyCount "54"]
[EventDate "2023.02.19"]
[EventType "swiss"]
[EventRounds "7"]
[EventCountry "DEN"]
[SourceTitle "Live v Hans Engen"]

1. b3 d5 2. e3 Bf5 3. Bb2 Nd7 4. Nf3 h6 5. d4 Ngf6 6. c4 e6 7. cxd5 exd5 8. Bb5
c6 9. Bd3 Ne4 10. O-O Ndf6 11. Nh4 Nxf2 12. Rxf2 Bxd3 13. Qxd3 Ne4 14. Rf3 Qxh4
15. Qf1 Bd6 16. Rh3 Qe7 17. Nc3 Ng5 18. Rg3 Bxg3 19. hxg3 Qxe3+ 20. Kh1 Qxg3
21. Re1+ Ne6 22. Ne2 Qh4+ 23. Kg1 O-O 24. Ba3 Rfe8 25. Bd6 Nxd4 26. Bg3 Nxe2+
27. Rxe2 Qxg3 0-1

[Event "Senior-DM 65+ 2023"]
[Site "Aalborg"]
[Date "2023.02.25"]
[Round "7"]
[White "Kolbak, Jens"]
[Black "Andreasen, Per Naesby"]
[Result "1/2-1/2"]
[WhiteElo "2134"]
[BlackElo "2229"]
[PlyCount "95"]
[EventDate "2023.02.19"]
[EventType "swiss"]
[EventRounds "7"]
[EventCountry "DEN"]
[SourceTitle "Live v Hans Engen"]

1. e4 d6 2. d4 Nf6 3. Nc3 g6 4. Nf3 Bg7 5. Be2 O-O 6. O-O Bg4 7. Bg5 Nc6 8. Re1
h6 9. Be3 e5 10. d5 Ne7 11. Qd2 Kh7 12. Rad1 Bd7 13. h3 Nfg8 14. Nh2 f5 15. f3
f4 16. Bf2 Nf6 17. Bb5 Bc8 18. a4 g5 19. Be2 h5 20. Qd3 Neg8 21. Qc4 a6 22. b4
Nh6 23. Rd3 g4 24. hxg4 hxg4 25. fxg4 Nfxg4 26. Nxg4 Bxg4 27. Bxg4 Nxg4 28.
Rh3+ Kg8 29. Nd1 Rf7 30. Qe2 Qd7 31. a5 Raf8 32. Qf3 Rf6 33. Rh5 Rg6 34. Bh4
Bh6 35. Kh1 Rf7 36. Re2 Rh7 37. Kg1 Bf8 38. Rg5 Rxg5 39. Bxg5 Rg7 40. Bh4 Qf7
41. Nf2 Qh5 42. Nxg4 Qxh4 43. Nh2 Be7 44. Qf2 Qh5 45. Nf3 Rh7 46. Kf1 Qg4 47.
Ke1 Bh4 48. Nxh4 1/2-1/2

[Event "Senior-DM 65+ 2023"]
[Site "Aalborg"]
[Date "2023.02.25"]
[Round "7"]
[White "Poulsen, Knud"]
[Black "Mikkelsen, Peter Jorgen Dam"]
[Result "0-1"]
[WhiteElo "1699"]
[BlackElo "2101"]
[PlyCount "58"]
[EventDate "2023.02.19"]
[EventType "swiss"]
[EventRounds "7"]
[EventCountry "DEN"]
[SourceTitle "Live v Hans Engen"]

1. Nf3 Nf6 2. c4 c6 3. Nc3 d5 4. e3 Bg4 5. Be2 e6 6. O-O Nbd7 7. d4 Bd6 8. cxd5
exd5 9. b3 O-O 10. Ne1 Bxe2 11. Qxe2 Re8 12. g3 Nf8 13. Ng2 Qd7 14. f3 a6 15.
Qd3 Qh3 16. Ne2 Ng6 17. Kh1 Nh5 18. Kg1 f5 19. Nef4 Ngxf4 20. exf4 Re6 21. Be3
Rg6 22. Qd2 Rf8 23. Rf2 Nxg3 24. Rc1 Nh5 25. Kf1 Re8 26. Ke1 Nxf4 27. Nxf4 Bxf4
28. Rc3 Rge6 29. Re2 Qxf3 0-1

[Event "Senior-DM 65+ 2023"]
[Site "Aalborg"]
[Date "2023.02.25"]
[Round "7"]
[White "Thuesen, Mogens Henrik"]
[Black "Meldgaard, Frode"]
[Result "1-0"]
[WhiteElo "2137"]
[BlackElo "1804"]
[PlyCount "57"]
[EventDate "2023.02.19"]
[EventType "swiss"]
[EventRounds "7"]
[EventCountry "DEN"]
[SourceTitle "Live v Hans Engen"]

1. e4 d6 2. d4 e6 3. f4 Nd7 4. Nf3 Be7 5. c4 h6 6. Nc3 Ngf6 7. Bd3 a6 8. O-O c5
9. e5 Nh7 10. d5 Nhf8 11. b3 b5 12. Bb2 b4 13. Ne4 Nb6 14. exd6 Bf6 15. Ne5
exd5 16. cxd5 Bb7 17. Nc6 Bxc6 18. Bxf6 gxf6 19. dxc6 Nh7 20. c7 Qc8 21. Nxc5
Kf8 22. Qc2 Kg7 23. Bf5 Qe8 24. Rfe1 Qb5 25. Rad1 Nf8 26. d7 Nbxd7 27. Nxd7 Ne6
28. Bxe6 fxe6 29. Rxe6 1-0

[Event "Senior-DM 65+ 2023"]
[Site "Aalborg"]
[Date "2023.02.25"]
[Round "7"]
[White "Pedersen, Karsten Nymann"]
[Black "Falberg, Hugo"]
[Result "1-0"]
[WhiteElo "2057"]
[BlackElo "1902"]
[PlyCount "56"]
[EventDate "2023.02.19"]
[EventType "swiss"]
[EventRounds "7"]
[EventCountry "DEN"]
[SourceTitle "Live v Hans Engen"]

1. Nf3 f5 2. d4 Nf6 3. g3 e6 4. Bg2 Be7 5. O-O O-O 6. c4 d6 7. Nc3 Qe8 8. Qc2
Qh5 9. Nb5 Na6 10. a3 c6 11. Nc3 Nc7 12. b4 Bd7 13. Bf4 Nfe8 14. c5 g5 15. cxd6
Nxd6 16. Nxg5 Nce8 17. h4 Nf7 18. Nf3 Nf6 19. Na4 Nd5 20. Be5 Rad8 21. Nc5 Bc8
22. e3 Nd6 23. Nd2 Nf7 24. Nd3 Rd7 25. Nf4 Qh6 26. Nxd5 Nxe5 27. Nxe7+ Rxe7 28.
dxe5 Qg7 1-0

[Event "Senior-DM 65+ 2023"]
[Site "Aalborg"]
[Date "2023.02.25"]
[Round "7"]
[White "Andersen, Lars Christoff"]
[Black "Svane, Henrik"]
[Result "1/2-1/2"]
[WhiteElo "2009"]
[BlackElo "2014"]
[PlyCount "38"]
[EventDate "2023.02.19"]
[EventType "swiss"]
[EventRounds "7"]
[EventCountry "DEN"]
[SourceTitle "Live v Hans Engen"]

1. d4 d5 2. c4 dxc4 3. Nf3 Nf6 4. e3 e6 5. Bxc4 c5 6. O-O a6 7. Bb3 b5 8. a4 b4
9. Nbd2 Bb7 10. Nc4 Nc6 11. Qe2 Be7 12. Rd1 Qc7 13. Nce5 Nxe5 14. Nxe5 O-O 15.
Bd2 Bd6 16. f4 cxd4 17. Rac1 Qe7 18. Nc6 Bxc6 19. Rxc6 Nd5 1/2-1/2

[Event "Senior-DM 65+ 2023"]
[Site "Aalborg"]
[Date "2023.02.25"]
[Round "7"]
[White "Bjornes, Leif"]
[Black "Nielsen, Christian Volmer"]
[Result "0-1"]
[WhiteElo "1811"]
[BlackElo "1979"]
[PlyCount "88"]
[EventDate "2023.02.19"]
[EventType "swiss"]
[EventRounds "7"]
[EventCountry "DEN"]
[SourceTitle "Live v Hans Engen"]

1. d4 d5 2. c4 c6 3. Nf3 Nf6 4. Nc3 e6 5. Bg5 Nbd7 6. e3 Bd6 7. Qc2 a6 8. Rc1
Qa5 9. Nd2 O-O 10. Be2 Re8 11. c5 Bb8 12. f4 h6 13. Bh4 Nh7 14. Bd3 Nhf8 15.
O-O f6 16. Qd1 Qd8 17. g4 Qc7 18. Bg3 e5 19. fxe5 fxe5 20. Qf3 Nf6 21. Bf5 Qe7
22. Bxc8 Rxc8 23. Qf5 Re8 24. Rce1 N8d7 25. Nf3 Qe6 26. Nh4 Nxg4 27. h3 Ngf6
28. Qxe6+ Rxe6 29. Nf5 Bc7 30. Rf3 Rae8 31. Ref1 Kh7 32. Kg2 Bb8 33. Bh2 exd4
34. exd4 Bxh2 35. Kxh2 Ne4 36. Nxg7 Kxg7 37. Rf7+ Kg6 38. Rxd7 R8e7 39. Rxe7
Rxe7 40. Re1 Kg5 41. Kg2 Kf4 42. Nd1 Rg7+ 43. Kh2 Nd2 44. Re2 Nf3+ 0-1

[Event "Senior-DM 65+ 2023"]
[Site "Aalborg"]
[Date "2023.02.25"]
[Round "7"]
[White "Christiansen, Jens Jorgen"]
[Black "Gottschalck, Christian"]
[Result "1-0"]
[WhiteElo "2095"]
[BlackElo "1691"]
[PlyCount "69"]
[EventDate "2023.02.19"]
[EventType "swiss"]
[EventRounds "7"]
[EventCountry "DEN"]
[SourceTitle "Live v Hans Engen"]

1. d4 d5 2. c4 Nc6 3. Nc3 e5 4. cxd5 Nxd4 5. e3 Nf5 6. e4 Nd6 7. Nf3 f6 8. h3
Ne7 9. Be3 Ng6 10. Rc1 a6 11. Qc2 Bd7 12. h4 h5 13. g3 Be7 14. Be2 Nf7 15. O-O
Bd6 16. a4 Qe7 17. Rfd1 Nf8 18. a5 g5 19. Na4 Bxa4 20. Qxa4+ Nd7 21. b4 g4 22.
Nd2 O-O 23. b5 axb5 24. Qxb5 Rfb8 25. Nb3 Nd8 26. Qc4 Kg7 27. Ra1 b6 28. a6 Nc5
29. Nxc5 bxc5 30. Rdb1 Rb4 31. Rxb4 cxb4 32. Qb5 Qf8 33. a7 Nf7 34. Qb7 Qd8 35.
Bb5 1-0

[Event "Senior-DM 65+ 2023"]
[Site "Aalborg"]
[Date "2023.02.25"]
[Round "7"]
[White "Christensen, Verner"]
[Black "Madsen, Svend Aage"]
[Result "1/2-1/2"]
[WhiteElo "1824"]
[BlackElo "2030"]
[PlyCount "48"]
[EventDate "2023.02.19"]
[EventType "swiss"]
[EventRounds "7"]
[EventCountry "DEN"]
[SourceTitle "Live v Hans Engen"]

1. e4 e5 2. Bc4 Nf6 3. Nc3 Nc6 4. d3 Bb4 5. Nge2 O-O 6. Bg5 h6 7. Bh4 Na5 8.
O-O Nxc4 9. dxc4 c6 10. a3 Be7 11. Bg3 d6 12. b3 Nh5 13. f4 exf4 14. Bxf4 Nxf4
15. Nxf4 Bf6 16. Qf3 Be5 17. Rad1 Qa5 18. Nce2 Qxa3 19. Ng6 Be6 20. Nxf8 Rxf8
21. Nf4 Bf6 22. Nh5 Be5 23. Nf4 Bf6 24. Nh5 Be5 1/2-1/2

[Event "Senior-DM 65+ 2023"]
[Site "Aalborg"]
[Date "2023.02.25"]
[Round "7"]
[White "Matras, Ove"]
[Black "Skovgaard, Tom"]
[Result "0-1"]
[WhiteElo "1787"]
[BlackElo "1982"]
[PlyCount "82"]
[EventDate "2023.02.19"]
[EventType "swiss"]
[EventRounds "7"]
[EventCountry "DEN"]
[SourceTitle "Live v Hans Engen"]

1. b3 e5 2. g3 Nf6 3. Bb2 d6 4. c4 Be7 5. Nc3 c6 6. d4 exd4 7. Qxd4 O-O 8. Nf3
a5 9. Bg2 Na6 10. O-O Nc5 11. e4 Qc7 12. h3 Rd8 13. Rfe1 Ne8 14. Nd5 cxd5 15.
e5 dxc4 16. Qxc4 Be6 17. Qc2 Rac8 18. Rac1 Qd7 19. Qe2 d5 20. Kh2 b6 21. Nd4
Nc7 22. f4 Bf5 23. Rcd1 Be4 24. Bf1 N5e6 25. Nf3 Bb4 26. Nd2 Bxd2 27. Rxd2 Nc5
28. g4 Qe7 29. Qf2 Ne8 30. h4 f6 31. Qg3 Nd7 32. Ree2 fxe5 33. fxe5 Nc7 34. Bd4
Ne6 35. Be3 Rc3 36. Qe1 Nxe5 37. Kh3 Nf3 38. Qf2 Nxd2 39. Rxd2 d4 40. Bc4 Rxe3+
41. Kh2 Bd5 0-1

[Event "Senior-DM 65+ 2023"]
[Site "Aalborg"]
[Date "2023.02.25"]
[Round "7"]
[White "Olesen, Poul Erik Norgaard"]
[Black "Christiansen, Arne"]
[Result "1/2-1/2"]
[WhiteElo "1981"]
[BlackElo "1957"]
[PlyCount "24"]
[EventDate "2023.02.19"]
[EventType "swiss"]
[EventRounds "7"]
[EventCountry "DEN"]
[SourceTitle "Live v Hans Engen"]

1. e4 e5 2. Bc4 Nf6 3. d3 Nc6 4. Nf3 Be7 5. O-O O-O 6. c3 d6 7. Re1 a6 8. Bb3
Na5 9. Bc2 c5 10. Nbd2 b5 11. Nf1 Qc7 12. Bg5 Be6 1/2-1/2

[Event "Senior-DM 65+ 2023"]
[Site "Aalborg"]
[Date "2023.02.25"]
[Round "7"]
[White "Gregor, Jan"]
[Black "Ortoft, Kai"]
[Result "0-1"]
[WhiteElo "1687"]
[BlackElo "1923"]
[PlyCount "34"]
[EventDate "2023.02.19"]
[EventType "swiss"]
[EventRounds "7"]
[EventCountry "DEN"]
[SourceTitle "Live v Hans Engen"]

1. e4 d6 2. d4 Nf6 3. Nc3 c6 4. Bd3 e5 5. Nge2 Qc7 6. O-O Be7 7. d5 a6 8. Ng3
O-O 9. Be3 Ng4 10. Qd2 Nxe3 11. Qxe3 Re8 12. f4 exf4 13. Qxf4 Bf6 14. Nh5 Be5
15. Qxf7+ Qxf7 16. Rxf7 Kxf7 17. Rf1+ Kg8 0-1

[Event "Senior-DM 65+ 2023"]
[Site "Aalborg"]
[Date "2023.02.25"]
[Round "7"]
[White "Johnsen, Oystein"]
[Black "Pilgaard, Johannes"]
[Result "1-0"]
[WhiteElo "1918"]
[BlackElo "1664"]
[PlyCount "67"]
[EventDate "2023.02.19"]
[EventType "swiss"]
[EventRounds "7"]
[EventCountry "DEN"]
[SourceTitle "Live v Hans Engen"]

1. d4 Nf6 2. Bf4 d5 3. e3 e6 4. Nf3 Be7 5. Bd3 c5 6. c3 Qb6 7. Qc2 Bd7 8. Nbd2
c4 9. Be2 Nh5 10. Be5 Nc6 11. g4 f6 12. gxh5 fxe5 13. dxe5 O-O-O 14. O-O-O Qc7
15. Rhg1 Rdg8 16. Ng5 Bxg5 17. Rxg5 h6 18. Rg2 Qxe5 19. Rdg1 Ne7 20. Bg4 g6 21.
hxg6 h5 22. Bh3 Rg7 23. Nf3 Qf6 24. Nd4 Rhg8 25. b4 a6 26. a4 e5 27. Bxd7+ Kxd7
28. Ne2 Rxg6 29. Rxg6 Rxg6 30. Rxg6 Nxg6 31. Ng3 e4 32. Qd2 Kc6 33. Nxh5 Ne5
34. Nxf6 1-0

[Event "Senior-DM 65+ 2023"]
[Site "Aalborg"]
[Date "2023.02.25"]
[Round "7"]
[White "Fjordside, Arne Dan"]
[Black "Jorgensen, Orla Eilegaard"]
[Result "1-0"]
[WhiteElo "1829"]
[BlackElo "1482"]
[PlyCount "93"]
[EventDate "2023.02.19"]
[EventType "swiss"]
[EventRounds "7"]
[EventCountry "DEN"]
[SourceTitle "Live v Hans Engen"]

1. d4 d5 2. Bf4 Nf6 3. e3 g6 4. h3 Bg7 5. Nf3 O-O 6. c3 Re8 7. Nbd2 Nbd7 8. Ne5
c6 9. Be2 a5 10. a4 e6 11. O-O Ne4 12. Nxd7 Qxd7 13. Nxe4 dxe4 14. Qc2 f5 15.
Qb3 Qe7 16. Rfd1 Kh8 17. Be5 Rd8 18. Bg3 Bf6 19. Bc4 Re8 20. Qb6 Rd8 21. Qc5
Qd7 22. Be5 Bg7 23. Bf4 Bf8 24. Qb6 Re8 25. b4 axb4 26. cxb4 Bd6 27. Be5+ Kg8
28. a5 Qe7 29. Bxd6 Qxd6 30. Qc5 Qc7 31. Qb6 Qxb6 32. axb6 Bd7 33. Ra7 Rxa7 34.
bxa7 b5 35. Bb3 Kf7 36. Kh2 Ke7 37. h4 Ra8 38. Ra1 Kf6 39. Kg3 h6 40. Ra6 Ke7
41. Kf4 Kf6 42. d5 g5+ 43. hxg5+ hxg5+ 44. Kg3 Bc8 45. Rxc6 Bd7 46. Rc7 Ke7 47.
dxe6 1-0

[Event "Senior-DM 65+ 2023"]
[Site "Aalborg"]
[Date "2023.02.25"]
[Round "7"]
[White "Bohnstedt, Michael"]
[Black "Andersson, Finn"]
[Result "1/2-1/2"]
[WhiteElo "1470"]
[BlackElo "1701"]
[PlyCount "51"]
[EventDate "2023.02.19"]
[EventType "swiss"]
[EventRounds "7"]
[EventCountry "DEN"]
[SourceTitle "Live v Hans Engen"]

1. e4 e6 2. d4 d5 3. exd5 exd5 4. Nf3 Bd6 5. Be3 c6 6. c4 Nf6 7. Nbd2 Bg4 8.
Be2 Nbd7 9. O-O O-O 10. c5 Bc7 11. Bg5 Qb8 12. h3 Bh5 13. Kh1 Re8 14. Ng1 Bg6
15. Ndf3 Ne4 16. Be3 Ng3+ 17. fxg3 Rxe3 18. Nh4 Rxg3 19. Bg4 Nf6 20. Nxg6 hxg6
21. Bf3 Qc8 22. Qd2 Nh5 23. Bxh5 gxh5 24. Rf2 Qe6 25. Re1 Qd7 26. Ref1 1/2-1/2

[Event "Senior-DM 65+ 2023"]
[Site "Aalborg"]
[Date "2023.02.25"]
[Round "7"]
[White "Christensen, Claus"]
[Black "Petersen, Jan"]
[Result "1-0"]
[WhiteElo "1536"]
[BlackElo "1641"]
[PlyCount "97"]
[EventDate "2023.02.19"]
[EventType "swiss"]
[EventRounds "7"]
[EventCountry "DEN"]
[SourceTitle "Live v Hans Engen"]

1. d4 d5 2. Nf3 Nf6 3. Bf4 g6 4. h3 Bg7 5. e3 O-O 6. c4 c6 7. Nbd2 Qa5 8. Bd3
dxc4 9. Bxc4 Nbd7 10. O-O b5 11. Nb3 Qd8 12. Be2 a5 13. Rc1 a4 14. Nbd2 Bb7 15.
Ne5 Nxe5 16. Bxe5 Rc8 17. Bf3 Qb6 18. b4 Nd5 19. Bxg7 Kxg7 20. a3 Rfd8 21. Qc2
Qc7 22. Ne4 Nb6 23. Nc5 Rd6 24. Qc3 Kg8 25. Rfd1 Nd5 26. Qc2 Nb6 27. Qc3 Nd5
28. Qb2 Nb6 29. Be2 e6 30. Ne4 Rdd8 31. Bxb5 cxb5 32. Rxc7 Rxc7 33. Nc5 Bd5 34.
Ra1 Bc4 35. Qc2 Rdc8 36. Qe4 Bd5 37. Qf4 Nd7 38. Kh2 Nxc5 39. dxc5 Rd7 40. Rd1
Rcd8 41. Rd4 Bc6 42. Rd6 Bd5 43. e4 Bc4 44. e5 Bd5 45. Qf6 Be4 46. f3 Bd5 47.
g4 Bc4 48. h4 Bd5 49. h5 1-0

[Event "Senior-DM 65+ 2023"]
[Site "Aalborg"]
[Date "2023.02.25"]
[Round "7"]
[White "Jensen, Bent Kiel"]
[Black "Lindhard, Lars"]
[Result "1-0"]
[WhiteElo "1556"]
[BlackElo "1284"]
[PlyCount "47"]
[EventDate "2023.02.19"]
[EventType "swiss"]
[EventRounds "7"]
[EventCountry "DEN"]
[SourceTitle "Live v Hans Engen"]

1. d4 Nf6 2. c4 g6 3. Nc3 Bg7 4. Nf3 d6 5. e4 O-O 6. Be2 e5 7. dxe5 dxe5 8. O-O
Nc6 9. Bg5 h6 10. Bxf6 Qxf6 11. Nd5 Qd6 12. a3 Rd8 13. Qc2 Be6 14. Rad1 Bxd5
15. cxd5 Ne7 16. Rc1 Rac8 17. Rfd1 a6 18. Rd3 Rd7 19. Qc5 b6 20. Qc2 c5 21. Rc3
f5 22. Nd2 fxe4 23. Nxe4 Kh8 24. Nxd6 1-0

[Event "Senior-DM 65+ 2023"]
[Site "Aalborg"]
[Date "2023.02.25"]
[Round "7"]
[White "Nielsen, Bent K"]
[Black "Nielsen, Peter"]
[Result "0-1"]
[WhiteElo "1304"]
[BlackElo "1685"]
[PlyCount "44"]
[EventDate "2023.02.19"]
[EventType "swiss"]
[EventRounds "7"]
[EventCountry "DEN"]
[SourceTitle "Live v Hans Engen"]

1. Nf3 Nf6 2. d4 g6 3. c3 Bg7 4. Bf4 d6 5. h3 O-O 6. e4 Nxe4 7. Bc4 d5 8. Bd3
f5 9. Qc1 Nc6 10. Bh6 e6 11. Bxg7 Kxg7 12. h4 Qf6 13. Qf4 Rf7 14. Ng5 Re7 15.
f3 Nd6 16. h5 e5 17. Qh4 exd4+ 18. Kf2 h6 19. hxg6 Qxg5 20. Qxg5 hxg5 21. g4
Kf6 22. Rh8 Kg7 0-1